| 000 | 02705nam a2200313 i 4500 | ||
|---|---|---|---|
| 003 | CSPC | ||
| 005 | 20250917152640.0 | ||
| 007 | ta | ||
| 008 | 240422s2023 ph a m 000 0deng d | ||
| 040 |
_aCSPC _beng _cCSPC _erda |
||
| 090 | _aUTH BSOA L897p 2023 | ||
| 100 | 1 |
_aLoseño, Mary Joy _eauthor. |
|
| 245 | 1 | 0 |
_aProblems encountered on filing practices of administrative employees in one municipality in Camarines Sur / _cMary Joy Loseño, April M. Manaog, and Rhits Ann N. Martinez. |
| 260 |
_aBuhi, Camarines Sur : _bCamarines Sur Polytechnic Colleges, _c2023. |
||
| 300 | _a95 leaves. | ||
| 336 |
_2rdacontent _atext |
||
| 337 |
_2rdamedia _aunmediated |
||
| 338 |
_2rdacarrier _avolume |
||
| 502 |
_aUndergraduate Thesis (BSOA)- Office Administration _cCamarines Sur Polytechnic Colleges, 2023. |
||
| 520 | 3 | _aThe basic purpose of this study is to be able to know the Problems encountered on Filing Practices of Administrative Employees in One Municipality of Camarines Sur, filling practices in LGUs are essential for several reasons. Firstly, they facilitate quick retrieval of information, enabling employees to make informed decisions promptly. Secondly, organized abstract filing systems contribute to transparency and accountability, as they allow for easy tracking of records and their movement within the organizations. Proper filing practices in LGUs help streamline administrative processes, reducing redundancy and improving overall efficiency. Thirty (30) workers of the municipality of LGU Buhi, Camarines Sur, namely: Mayor's Office, Civil Registrar, Business Permit and Municipal Treasurer, who were systematically chosen, served as the respondents. Several best practices have been identified to improve abstract filing practices in LGUs. One key recommendation is the adoption of a standardized filing system, such as the Alphabetical, Geographical and Numerical, to ensure consistency and ease of retrieval. Studies have shown that a well-defined and uniform filling system significantly reduces the time spent searching for documents. Furthermore, proper labeling and indexing of abstract files are crucial. Clear and concise labels, along with a detailed index, enable employees to quickly locate specific documents without the need for extensive searching. | |
| 700 | 1 |
_aManaog, April M., _eauthor. |
|
| 700 | 1 |
_aMartinez, Rhits Ann N., _eauthor. |
|
| 720 | 1 |
_aMarpuri, Jessica C., _eadviser. |
|
| 720 | 1 |
_aEstrebello, Genevie A., _epanelist, chair. |
|
| 720 | 1 |
_aVillar, Mariber M., _epanelist. |
|
| 720 | 1 |
_aEscuro, Jessibel L., _epanelist. |
|
| 942 |
_2ddc _n0 _cUM _hL897p _iBSOA _kUTH _m2024 |
||
| 999 |
_c27494 _d27494 |
||